Mobilita ´11[elektronický zdroj] : 11. medzinárodná vedecká konferencia.Bratislava,SR,26.-27.5.2011

Na minha lista:
Detalhes bibliográficos
Formato: Livro
Publicado em: Bratislava : STU v Bratislave SvF, 2011
Tags: Adicionar Tag
Sem tags, seja o primeiro a adicionar uma tag!

MARC

LEADER 00000nam a22000003a 4500
001 stu231639
005 20150408164711.1
008 110718s2011----xo----------------------d
020 |a 978-80-227-3514-8 
040 |a STU  |b slo 
041 0
044 |a xo 
245 |a Mobilita ´11[elektronický zdroj] :  |b 11. medzinárodná vedecká konferencia.Bratislava,SR,26.-27.5.2011 
260 |a Bratislava :  |b STU v Bratislave SvF,  |c 2011 
300 |a 372 s  |c (CD-ROM) 
996 |b 284V032516  |c V*336/A  |l VVT  |s A  |a 24  |w stu231639_0001